000 01569cam a2200361 4500
001 L118960
008 020722n2005 000 0 eng u
020 _a0750650974
035 _a(Sirsi) u118960
041 0 _aeng
050 0 4 _a697.92 $2 18
100 1 _aEdwards, Rodger
245 0 0 _aHandbook of domestic ventilation
260 _aAmsterdam
_aLondon
_bArchitectural Press
_c2005
300 _axii, 257p.
_bill
_c25cm
350 _a40
520 _aA series of studies of homes in England show that about 15% suffer from damp and mould, mostly due to poor ventilation. Provides a comprehensive study of the basic science, technology and practical application of effective and energy efficient ventilation strategies for dwellings. Concentrates on the domestic context and the requirements of ventilation for the home. Demonstrates the link between poor ventilation and poor health.
590 _aIKA300805
650 2 4 _aBS 5250: 1989
650 2 4 _aBS 5925:1991
650 2 4 _aBUILDING REGULATIONS 2000 APPROVED DOCUMENT C (2004 EDITION)
650 2 4 _aBUILDING REGULATIONS 2000 APPROVED DOCUMENT F (2005 EDITION)
650 2 4 _aBUILDING REGULATIONS 2000 APPROVED DOCUMENT J (2002 EDITION)
650 2 4 _aBUILDING (NORTHERN IRELAND) REGULATIONS
650 2 4 _aNATIONAL HOME ENERGY RATING
650 2 4 _aENVIRONMENTAL PROTECTION ACT
650 2 4 _aDIRECTIVE 89/106/EEC
650 2 4 _aBUILDING STANDARDS (SCOTLAND) REGULATIONS
651 4 _aUnited Kingdom
_y
651 4 _aUnited Kingdom
_y
690 _aBuilding regulations
_96224
942 _n0
999 _c102220
_d102220